000 00266nam a22001097a 4500
041 _aENG
245 _a30 practice Sets ( Fully Solved )
260 _aBsc Publishing Co .PVT
_bDelhi
_c1994
300 _a563
650 _aCompetitive Exam
856 _uCompetitive Exam
999 _c2672
_d2672